Developing digital literacies: a framework for professional learning
Saved in:
| Main Author: | |
|---|---|
| Format: | Book |
| Language: | English |
| Published: |
Thousand Oaks,
|
| Tags: |
Add Tag
No Tags, Be the first to tag this record!
|
MARC
| LEADER | 00000nam a22000007a 4500 | ||
|---|---|---|---|
| 008 | 210420b ||||| |||| 00| 0 eng d | ||
| 020 | |a ISBN: 978-1-4522-5552-1 | ||
| 100 | |a SUMMEY, Dustin C. | ||
| 245 | |a Developing digital literacies: |b a framework for professional learning |f “It includes references and index”. |g xix, 172p.; ill. | ||
| 260 | |b Thousand Oaks, |h California: CORWIN Press- |i 692382 |i 692383 |l LB1731 .Su6 | ||
| 500 | |a “It includes references and index”. | ||
| 942 | |a lcc |c BK |e j o ifatola |f 20/ 04/ 2021 | ||
| 952 | |0 0 |1 0 |2 lcc |4 0 |6 LB1731 S U6 |7 0 |9 2269 |a HOL |b HOL |c LP |d 2021-04-20 |l 0 |o LB1731 .Su6 |p 2021-6123 |r 2021-04-20 00:00:00 |w 2021-04-20 |y BK | ||
| 952 | |0 0 |1 0 |2 lcc |4 0 |6 LB1731 S U6 |7 0 |9 2270 |a HOL |b ED |c LP |d 2021-04-20 |l 0 |o LB1731 .Su6 |p 2021-6124 |r 2021-04-20 00:00:00 |w 2021-04-20 |y BK | ||
| 999 | |c 1167 |d 1167 | ||